A-Z: animals & plants ending in C - Statistics

General Stats
  • This quiz has been taken 22 times
  • The average score is 9 of 25
Answer Stats
Initial letter Clue Word for organism ending in C % Correct
G Plant used to flavour cooking and said to stave off vampire attacks Garlic
94%
E _______ eel Electric
89%
D Type of cat which is not wild Domestic
83%
A Species name of a northern fox and a subspecies of wolf Arctic
78%
C Common shortened form of a man-eating reptile Croc
78%
L Woody flowering plant Lilac
72%
F Small Saharan fox with huge ears Fennec
61%
P ______ cod, which bears the name of a body of water Pacific
61%
M Huge phylum of invertebrates numbering roughly 100,000 species and including octopuses and snails Mollusc
56%
O _______ white-tip shark Oceanic
33%
Z Astrological species name of a freshwater loach, a type of fish Zodiac
33%
B Ours _____, French name for the polar bear Blanc
22%
H Central European plant also known as Lady Josika's lilac Hungarian lilac
17%
N _______ parakeet, an alternative name for the cockatiel based on a word for a female Greek spirit of nature (and a type of insect) Nymphic
17%
Q Psilocybe ______ensis is a psychedelic mushroom native to this region of North America Quebec
17%
R Species name of a Eurasian bunting Rustic
17%
T Small, often spiny insectivorous mammal of Madagascar Tenrec
17%
X ______ sargo, an eastern Pacific grunt (a fish), from the Greek for yellow Xantic
17%
S ________ fringehead, an unusual sea creature with a humorous name Sarcastic
11%
V Scarlet type of anti-vampire plant from Indochina Vietnamese red garlic
11%
W Another type of the plant which vampires are said to fear, commonly found in the British undergrowth Wild garlic
11%
Y Yet another vampire-repelling plant Yellow garlic
11%
I Tree from southern Asia Indian lilac
6%
J Flowering plant from Honshu with a trunk and branches Japanese tree lilac
6%
K Vampire-repelling plant whose leaves are V-shaped like the bottom part of a ship Keeled garlic
6%
No matching quizzes found
Score Distribution
Percent of People with Each Score
Percentile by Number Answered
Your Score History
You have not taken this quiz